LEADER 01406nam a22002771i 4500 001 991002947529707536 005 20040428135223.0 008 040624s1982 be |||||||||||||||||mul 035 $ab13001590-39ule_inst 035 $aARCHE-095927$9ExL 040 $aDip.to Beni Culturali$bita$cA.t.i. Arché s.c.r.l. Pandora Sicilia s.r.l. 041 0 $afreeng 082 04$a737 111 2 $aCongrès international de numismatique$n<9. ;$d1979 ;$cBerna>$0487830 245 10$aActes du IX congrès international de numismatique :$bBerne, septembre 1979 = Proceedings of the 9th international congress of numismatics : Berne, September 1979 /$cediteurs Tony Hackens, Raymond Weileer 260 $aLouvain :$bAssociation internationale des numismates professionels,$c1982 300 $a2 v. ;$c25 cm 440 0$aPublications / Association internationale des numismates professionels ;$v7 650 4$aNumismatica$xCongressi$y1979 907 $a.b13001590$b02-04-14$c12-07-04 912 $a991002947529707536 945 $aLE001 N I 35a$g1$i2001000081035$lle001$nV. 1. - C. 1$o-$pE0.00$q-$rl$s- $t0$u0$v0$w0$x0$y.i13610272$z12-07-04 945 $aLE001 N I 35a/1$g1$i2001000080960$lle001$nV. 2. - C. 1$o-$pE0.00$q-$rl$s- $t0$u0$v0$w0$x0$y.i13610284$z12-07-04 996 $aActes du IX congrès international de numismatique$9283987 997 $aUNISALENTO 998 $ale001$b12-07-04$cm$da $e-$fmul$gbe $h0$i2 LEADER 04491nam 2200505 450 001 9910743383003321 005 20230111105621.0 010 $a981-16-5949-4 010 $a981-16-5948-6 010 $a981-16-5949-4 035 $a(CKB)5340000000068351 035 $a(MiAaPQ)EBC6792480 035 $a(Au-PeEL)EBL6792480 035 $a(OCoLC)1285784811 035 $a(PPN)258298162 035 $a(EXLCZ)995340000000068351 100 $a20220718d2022 uy 0 101 0 $aeng 135 $aurcnu|||||||| 181 $ctxt$2rdacontent 182 $cc$2rdamedia 183 $acr$2rdacarrier 200 10$aAdvanced materials and sustainability in civil engineering /$fKiran Kumar Poloju 210 1$aSingapore :$cSpringer,$d[2022] 210 4$d©2022 215 $a1 online resource (64 pages) 225 1 $aSpringerBriefs in Applied Sciences and Technology 311 $a981-16-5948-6 327 $aIntro -- Acknowledgements -- Contents -- About the Author -- List of Figures -- List of Tables -- 1 Concrete -- 1.1 Introduction to Concrete -- 1.2 Constituents of Concrete -- 1.2.1 Importance of the Ingredients in Concrete -- 1.3 Characteristics of Concrete -- 1.3.1 Fresh Concrete -- 1.3.2 Hardened Concrete -- 1.3.3 Workability of Concrete -- 1.3.4 Stability of Concrete -- 1.3.5 Segregation of Concrete -- 1.3.6 Bleeding of Concrete -- 1.3.7 Curing of Concrete -- 1.4 Cement -- 1.4.1 Manufacturing Process of Cement -- 1.4.2 Bogues Compounds and Their Significance -- 1.5 Tests on Cement -- 1.5.1 Colour Test -- 1.5.2 Lumps Test -- 1.5.3 Floating Test -- 1.6 Aggregate -- 1.6.1 Coarse Aggregate -- 1.6.2 Fine Aggregate -- 1.7 Water -- 2 Admixtures -- 2.1 Mineral Admixture -- 2.2 Chemical Admixtures -- 3 Tests on Hardened Concrete -- 3.1 Mechanical Properties of Concrete Are -- 3.1.1 Compressive Strength -- 3.1.2 Split Tensile Strength -- 3.1.3 Flexural Strength -- 3.2 Durability Properties of Concrete -- 3.2.1 Acid Attack -- 3.2.2 Preparation of 5% HCL: (An Example Shown on How to Prepare Solution) -- 3.2.3 Sorptivity Study -- 4 Industrial Wastes as a Cement Substitute in Concrete Production -- 4.1 How Global Warming Relates to the Manufacturing Process of Cement -- 4.2 Various Supplementary Cementitious Materials Used in Concrete -- 5 Hypo Sludge as Partial Replacement of Cement -- 5.1 Introduction -- 5.2 Formation of Hypo Sludge Concrete -- 5.3 Chemical Composition of Hypo Sludge -- 5.4 Solid Waste Produced by the Paper Industry -- 5.5 The Significance of Using Hypo Sludge in Concrete -- 5.6 Conclusions -- Reference -- 6 Marble Powder as Partial Replacement of Cement -- 6.1 Introduction -- 6.2 Illustration-2-Determination of Strength Properties of Concrete Using Marble Powder as a Partial Replacement as Cement in Concrete -- 6.3 Materials Used. 327 $a6.4 Methodology -- 6.5 Significance of Using Marble Powder in Concrete -- 6.6 Conclusion -- 7 Ceramic Powder as Partial Replacement of Cement -- 7.1 Introduction -- 7.2 Significance of Using Ceramic Powder in Concrete -- 7.3 Illustration-3-Advancement of Ceramic Powder in Concrete -- 7.4 Materials That Are Used -- 7.5 Conclusion -- References -- 8 Seashell as Partial Replacement of Cement -- 8.1 Introduction -- 8.2 Illustration-4-Advancement of Physical Properties of Concrete Using Seashell as a Partial Replacement of Fine Aggregate in Concrete -- 8.3 Ingredients Used in Seashell Concrete -- 8.4 Conclusion -- 9 Geopolymer Concrete -- 9.1 Introduction -- 9.2 Formation of Geopolymer Concrete -- 9.3 Ingredients Present in Geopolymer Concrete -- 9.3.1 Fly Ash -- 9.4 Polymerization (Geopolymerization) -- 9.5 Advantages of Geopolymer Concrete -- 9.6 High Strength Concrete -- 9.7 Creep and Low Shrinkage -- 9.8 Resistance to Heat and Cold -- 9.9 Resistance to Chemicals -- 9.10 Geopolymer Concrete's Economic Viability -- 9.11 Geopolymer Concrete Applications -- Bibliography. 410 0$aSpringerBriefs in applied sciences and technology. 606 $aConcrete 606 $aConcrete$xEnvironmental aspects 615 0$aConcrete. 615 0$aConcrete$xEnvironmental aspects. 676 $a620.136 686 $aUXG$2ghbs 700 $aPoloju$b Kiran Kumar$01426911 801 0$bMiAaPQ 801 1$bMiAaPQ 801 2$bMiAaPQ 906 $aBOOK 912 $a9910743383003321 996 $aAdvanced materials and sustainability in civil engineering$93559367 997 $aUNINA